Regulamento Geral das Edificações Urbanas (Record no. 2359)

MARC details
000 -Etiqueta do registo
Campo de controlo de comprimento fixo 00335 a2200145 4500
020 ## - ISBN (NÚMERO DE LIVRO PADRÃO INTERNACIONAL)
ISBN N/S
040 ## - Fonte de Catalogação
Agência de catalogação Biblioteca Geral- Universidade Lusíada de Angola
082 ## - DEWEY DECIMAL CLASSIFICATION NUMBER
Número de classificação 72
Classificador- CDU 72
100 ## - Nome Pessoal
9 (RLIN) 1186
Autor PORTO EDITORA
245 ## - Declaração de Título
Título Regulamento Geral das Edificaė̳s Urbanas
260 ## - Publicação e Destribuíção
Local de edição/distribuição Lisboa,
Editor/distribuidor Porto Editora
Data de edição/distribuição 1990.
300 ## - Descrição Física
Nº Pág. 95p
650 ## - MATERIA
MATERIA Arquitectura
942 ## - - Elementos de entrada adicionados (koha)
Tipo de documento Livros
Holdings
Withdrawn status Lost status Source of classification or shelving scheme Damaged status Not for loan Permanent Location Current Location Date acquired Inventory number Total Checkouts Full call number Barcode Date last seen Price effective from Koha item type
    Dewey Decimal Classification     Biblioteca Geral- Universidade Lusíada de Angola Biblioteca Geral- Universidade Lusíada de Angola 29/06/2026 14(1)   72 2026-0215 29/06/2026 29/06/2026 Livros